LEADER 00933nam a2200229 i 4500 001 000000040327 003 CaOOAMICUS 005 20230927122910.0 008 940413s1992 it a u000 u ita u 040 $aSeMil$bita 100 1 $aVazzoler, Giuseppe Moreno.$0(OLS)http://semarc/name/17073 245 10$aCogliate :$bun paese, una storia /$cGiuseppe Moreno Vazzoler, Maria Luisa Bordoni. 264 1$aCogliate :$bComune di Cogliate,$c1992. 300 $a263 p. :$bill. ;$c30 cm 650 4$aCogliate.$0(OLS)http://semarc/subject/8442 700 1 $aBordoni, Maria Luisa.$0(OLS)http://semarc/name/19701 850 $aSeMil 852 $aSeMil$W1$xVenegono$y1$m3P VI 147$j6482$B6482$CSeMilBibl$Z2$F6482 $81 961 $aOmaggio: Donazione 996 $6245$aCogliate :$bun paese, una storia$9(OLS)http://semarc/title/57860 996 $6264$aCogliate :$bComune di Cogliate$9(OLS)http://semarc/publisher/61273 LEADER 01004nam a2200229 i 4500 001 000000091505 003 CaOOAMICUS 005 20160222000000.0 008 160222s1887 it u000 u ita u 013 $a63747 040 $aSeMil$bita 100 1 $aStella, Francesco Vincenzo,$d<1962- >.$0(OLS)http://semarc/name/4662 245 10$aIntroduzione allo studio della sacra liturgia :$bad uso dei seminari /$ccompilata da Francesco Stella. 250 $a2. Ed. 260 $aSiena :$bTip. arciv. S. Bernardino,$c1887. 300 $aXVIII, 607 p. ;$c19 cm. 650 4$aLiturgia - Manuali.$0(OLS)http://semarc/subject/87 650 4$aLiturgia - Introduzioni.$0(OLS)http://semarc/subject/336 850 $aSeMil 852 $aSeMil$W1$xVenegono$y1$m3K I 4 FA$j54454$B54454$CSeMilBibl$Z2$F59106 $8I 996 $6245$aIntroduzione allo studio della sacra liturgia :$bad uso dei seminari$9(OLS)http://semarc/title/137648 996 $6260$aSiena :$bTip. arciv. S. Bernardino$9(OLS)http://semarc/publisher/43055